[Event "RUS Rapid GP Top 16 2018"]
[Site "Khanty-Mansiysk"]
[Date "2018.12.03"]
[Round "15"]
[White "Kabanov, Nikolai"]
[Black "Bocharov, Dmitry"]
[Result "1/2-1/2"]
[WhiteElo "2403"]
[BlackElo "2684"]
[Annotator "TA"]
[PlyCount "88"]
[EventDate "2018.12.01"]
[EventType "swiss"]
[EventCountry "RUS"]
[SourceTitle "playchess.com"]
[Source "ChessBase"]
[SourceQuality "1"]

{[%evp 9,88,60,80,76,130,135,137,141,131,90,95,52,44,42,48,41,153,95,175,175,176,164,168,169,157,179,158,172,171,148,151,119,155,154,153,155,150,152,146,126,166,146,149,139,169,167,172,141,141,141,154,140,110,-52,-18,-81,-57,-276,-276,-276,-276,-276,-276,-276,-268,-197,-21,-29,-15,-15,-15,-16,-14,-14,-14,-14,-14,-14,-14,-14,-12]} 1. d4 Nf6 2. Nf3 g6 3. Nc3 d5 4. Bf4 c5 (4... Bg7 5. Nb5 Na6 6. e3 c6 7. Nc3 O-O 8. h3 Qa5 9. Nd2 Nd7 10. Nb3 Qb6 11. Be2 e5 12. Bg3 Re8 13. O-O {1-0 (58) Melkumyan,H (2660)-Jones,G (2677) chess.com INT 2018}) 5. dxc5 Bg7 $146 {[#]} ({Predecessor:} 5... Qa5 6. Nd2 Qxc5 7. Nb3 Qb4 8. Be5 Be6 9. e4 Nc6 10. Bb5 O-O-O 11. a3 dxe4 12. Qxd8+ Kxd8 13. axb4 Nxe5 {1-0 (29) Stefanova,A (2450)-Bosboom,M (2430) Antwerp 1997}) 6. e4 $1 {[%cal Re4d5] D00: 1 d4 d5: Unusual lines} Nxe4 (6... Be6 $142) 7. Nxe4 $16 dxe4 8. Qxd8+ {White is clearly better.} Kxd8 9. O-O-O+ Ke8 10. Bxb8 {Black must now prevent Bb5+.} Bh6+ 11. Kb1 Rxb8 12. Ne5 $40 {[%mdl 128] Black needs to defend precisely.} a6 (12... Bf4 $14 13. Bb5+ Kf8 14. Nd7+ Bxd7 15. Rxd7 f5) 13. c6 (13. Bc4 $142 Be6 14. Bxe6 fxe6 15. Rhe1) 13... Ra8 {[#]} (13... Be6 $16 {is a better defense.}) 14. Bc4 $1 $18 e6 15. Nxf7 ({And not} 15. c7 Bg7 $15) 15... Kxf7 16. cxb7 {[%mdl 64] Overworked Piece} Bxb7 {Strongly threatening ...Rhd8.} 17. Rd7+ {[%mdl 64] Double Attack} Kf6 {Hoping for ...Rab8.} 18. Rxb7 a5 19. Rb6 Rhe8 20. Rd1 Rad8 {[%cal Rd8d1]} 21. Rxe6+ Kf5 {[%cal Rd8d1]} 22. Red6 Rxd6 23. Rxd6 $16 {[%mdl 4096] Endgame KRB-KRB} Bf4 24. Rd5+ Kf6 25. g3 Bc7 26. Kc1 Rb8 27. c3 h5 28. h4 Bb6 29. Rd6+ Kf5 30. Bf7 Bxf2 31. Rxg6 $2 (31. Bxg6+ $16 Kg4 32. Rd5 (32. Bxe4 Bxg3 33. Rd5 Re8 $16)) 31... Rf8 32. Rg5+ {[%mdl 64] Discovered Attack} ({Not} 32. Rg7 $2 Kf6 $19) 32... Kf6 33. Bxh5 $2 ({White should try} 33. Rxh5 $15 Rxf7 34. g4) 33... Be3+ $19 {[%mdl 64] Double Attack} 34. Kd1 Bxg5 35. hxg5+ Kxg5 {KR-KB} 36. Be2 Rd8+ 37. Ke1 e3 $2 (37... Kf5 $19 38. a4 Ke5) 38. a4 $1 $11 Rd2 39. b4 {The position is equal.} axb4 40. cxb4 Ra2 {aiming for ...Ra1+.} 41. Bc4 Rxa4 42. Ke2 Rxb4 43. Bd3 Kg4 44. Kxe3 Kxg3 {Accuracy: White = 54%, Black = 54%.} 1/2-1/2

[Event "RUS Rapid GP Top 16 2018"]
[Site "Khanty-Mansiysk"]
[Date "2018.12.03"]
[Round "15"]
[White "Maletina, Tatiana"]
[Black "Kokarev, Dmitry"]
[Result "0-1"]
[WhiteElo "2239"]
[BlackElo "2698"]
[Annotator "TA"]
[PlyCount "82"]
[EventDate "2018.12.01"]
[EventType "swiss"]
[EventCountry "RUS"]
[SourceTitle "playchess.com"]
[Source "ChessBase"]
[SourceQuality "1"]

{[%evp 22,82,18,16,25,10,24,29,20,23,9,0,0,-9,0,-53,-21,-59,0,-8,20,18,10,0,33,36,25,0,77,20,29,9,15,0,0,0,0,0,0,0,0,0,0,-7,-16,-40,-28,-103,-32,-233,-238,-214,-132,-196,-137,-435,-156,-162,0,-29985,-29986,-29986,-29987]} 1. d4 {[%cal Bd2d4,Bd4d5][%mdl 32]} Nf6 2. c4 g6 3. f3 c5 4. d5 Bg7 5. e4 d6 6. Nc3 O-O 7. Be3 e6 8. Nge2 exd5 9. cxd5 b6 {A65: Modern Benoni: 6 e4} (9... Nbd7 10. Ng3 a6 11. a4 Ne5 12. Be2 Bd7 13. h3 b5 14. f4 Nc4 15. Bxc4 bxc4 16. O-O Rb8 17. e5 Ne8 18. Qe2 dxe5 19. Bxc5 exf4 20. Bxf8 Qb6+ {1-0 (45) Goganov,A (2643)-Kovalev,V (2603) Khanty-Mansiysk 2016}) 10. Ng3 Ba6 11. Be2 Bxe2 12. Qxe2 {LiveBook: 3 Games} a6 13. a4 Nbd7 14. O-O Ne8 15. f4 Nc7 16. Rad1 Qe7 $146 17. e5 f5 $1 18. Qf2 (18. Rfe1 $11) 18... b5 $15 19. Rfe1 Rfc8 (19... b4 $15 20. Nce2 a5) 20. a5 $11 Qf8 21. e6 Nf6 22. Qf3 $1 Ng4 23. Nf1 Nxe3 24. Nxe3 Qe7 (24... Bd4 $11) 25. Kh1 (25. g4 $16) 25... Rf8 26. Rd2 Ne8 27. g4 fxg4 28. Qxg4 Bxc3 29. bxc3 {Strongly threatening f5.} Ng7 $1 30. Rg2 Kh8 31. Rf1 Nf5 32. Nxf5 Rxf5 33. Qh3 {[#] Black must now prevent Rxg6.} Qf6 34. Rfg1 (34. Qf3 $11 {remains equal.}) 34... Kg7 ({Better is} 34... Rg8 $17 35. e7 Kg7) 35. e7 $2 (35. Rg4 $1 $15) 35... Re8 $19 36. Re2 Rxf4 37. Qd7 (37. Re6 $17 {keeps fighting.} Qf7 38. Qe3) 37... Kf7 ({Black should play} 37... Qf7 $19 38. Qxd6 {[%mdl 64] Double Attack} Re4 {[%mdl 64] Decoy} 39. Rxe4 Qf3+ {[%mdl 64] Double Attack} 40. Rg2 Qxe4 41. Qxc5 Rxe7) 38. Re6 $2 {[%mdl 8192]} (38. Qe6+ $17 Qxe6 39. Rxe6) 38... Qf5 $2 $40 {[%mdl 128] Black attacks with force.} (38... Qxc3 $19 {has better winning chances. ( -> ...Qf3+)} 39. Rexg6 Qf3+ {[%mdl 64] Double Attack} 40. R6g2 Rf6) 39. Qxd6 $17 Rf1 $2 (39... Re4 $19 {aiming for ...Qf3+.} 40. Qxc5 Rc4) 40. Qg3 $2 {[%mdl 8192] [#]} (40. Re3 $11 Rxg1+ 41. Kxg1) 40... Qxd5+ 41. Qg2 Rxg1+ {Accuracy: White = 35%, Black = 53%.} 0-1